'N' Cities by Picture Quiz Stats

 Plays Quiz Updated May 24, 2018

Challenge
Share
Tweet
Score 0/20 Timer 07:00
12 Plays Today
% Correct
New York City, New York, USA
99%
Nice, France
71.1%
Nairobi, Kenya
61.6%
Naples, Italy
59%
New Delhi, India
58.1%
Nashville, Tennessee, USA
40%
Newcastle upon Tyne, United Kingdom
39.5%
New Orleans, Louisiana, USA
36.9%
Nanjing, China
33.4%
Nuremberg, Germany
29.8%
% Correct
Nassau, Bahamas
28.2%
Novosibirsk, Russia
26.8%
Nicosia, Cyprus
25.4%
Nuku'alofa, Tonga
25.2%
Nouakchott, Mauritania
23.7%
Nagasaki, Japan
23.5%
Nizhny Novgorod, Russia
22.2%
Niamey, Niger
21.7%
Naypyidaw, Myanmar
17.5%
Natal, Brazil
16.7%

You're not logged in!

Compare scores with friends on all Sporcle quizzes.
Join for Free
OR
Log In

You Might Also Like...

Show Comments

Extras

Top Quizzes Today


Score Distribution

Your Account Isn't Verified!

In order to create a playlist on Sporcle, you need to verify the email address you used during registration. Go to your Sporcle Settings to finish the process.

Report this User

Report this user for behavior that violates our Community Guidelines.

Details: